Comparative housing sale and purchase agreement under the Malaysia, Singapore, and New South Wales housing laws

Bibliographic Details
Main Author: Nuarrual Hilal Md. Dahlan
Format: Book
Language:English
Published: Kedah : UUM Press , 2011
Subjects:

MARC

LEADER 00000cam a2200000 7i4500
001 0000025375
005 20140527.0
008 220514 my eng
020 |a 9789675311666 ,   |c RM46.10 
040 |a INS 
090 0 0 |a HD1379   |b N83 2011 
100 1 |a Nuarrual Hilal Md. Dahlan 
245 1 0 |a Comparative housing sale and purchase agreement under the Malaysia, Singapore, and New South Wales housing laws   |c Nuarrual Hilal Md. Dahlan 
260 |a Kedah :   |b UUM Press ,   |c 2011 
300 |a xxix,276p. ;   |c 27cm. 
500 |a Includes bibliography and index 
650 0 |a House buying 
650 0 |a Montgages 
650 0 |a Residential real estate   |x Purchasing 
999 |a 1000001665   |b BOOK   |c Open Shelf   |e Default branch